000
00288nam a2200121Ia 4500
008
220216s9999 xx 000 0 und d
100
_a
Powell E F
245
0
_a
Some notes on curing conditions
260
_b
IRI Transactions
_c
1930
300
_a
184-201
650
_a
Curing
942
_c
JS
999
_c
69000
_d
69000